000 00345nam a2200145Ia 4500
008 230917s9999||||xx |||||||||||||| ||und||
040 _e8894
_aMAIN
041 _aEnglish
082 _a327.51 H163C
100 _aHalperin, Morton H
245 0 _aChina and the bomb
260 _aLondon
_bPall Mall
_c1965
300 _ax, 166 p.
942 _cBK
999 _c185318
_d185318